Premis de Comunicació Local de la Diputació de Barcelona : Exposició de cartells històrics 1981-2024 Exposició de cartells històrics 1981-2024
Descripción Física:
1 targeta postal ; il·lustracions color ; 15 x 10 cm
Materias:
Mitjans de comunicació de massa locals -- Barcelona (Catalunya : Província) -- Premis
; Targetes postals
Idioma:
Catalán
MARC
| LEADER | 00000nkm a22000007a 4500 | ||
|---|---|---|---|
| 001 | 28870 | ||
| 003 | AGDB | ||
| 005 | 20260324181531.0 | ||
| 008 | 250519b spa||||| |||| 00| 0 cat d | ||
| 017 | |a B 18655-2024 | ||
| 040 | |a agdb |b cat | ||
| 245 | |a Premis de Comunicació Local de la Diputació de Barcelona : |b Exposició de cartells històrics 1981-2024 | ||
| 260 | |a Barcelona : |b Diputació de Barcelona ; |c 2024 | ||
| 300 | |a 1 targeta postal ; |b il·lustracions color ; |c 15 x 10 cm | ||
| 650 | 0 | |a Mitjans de comunicació de massa locals |x Barcelona (Catalunya : Província) |x Premis |9 72066 | |
| 655 | 0 | |a Targetes postals |9 52685 | |
| 710 | 1 | |a Barcelona (Catalunya : Província). |b Diputació |9 52408 | |
| 942 | |2 udc |c ARXIU |n 1 | ||
| 952 | |0 0 |1 0 |4 0 |6 NBM1824 |7 1 |9 98112 |a Arxiu |b Arxiu |d 2025-05-19 |l 0 |o NBM-18-24 |p 28870 |r 2025-05-19 00:00:00 |w 2025-05-19 |y ARXIU | ||
| 999 | |c 129894 |d 129894 | ||